000
00312nam a2200121Ia 4500
008
230524s9999 xx 000 0 und d
100
_a
"Bob Hughes, Mike Cotterell, Rajib Mall"
245
0
_a
"Software Project Management,"
260
_b
MGH
500
_a
Quantity Number: 60
650
_a
Comp-Sc
942
_c
BK
999
_c
50360
_d
50360